00273nam a2200109Ia 4500008004100000041001200041082001100053100002200064245006500086260000600151650000600157221030s9999 xx 000 0 und d aEnglish a105.23 aB. S. Raghuwanshi 2aA Course in Workshop Technology Vol. Icby B. S. Raghuwanshi c0 aB